000 00949nam a2200205 i 4500
001 160628
003 ES-MaACL
005 20230906212106.0
008 040930s1897 cl |||| | spa d
080 _a616.34-022-085
100 1 _aNewman, K.
_9130452
245 1 0 _aAntisepsia intestinal, manera de rrealizarla
_b: komunikazion echa a la Soziedad Zientífika de Balparaiso el 26 de agosto de 1896 /
_cpor K. Newman.
260 _aSantiago de Chile :
_b[s.n.],
_c1897 (
_fImp. i enkuadernacion Barzelona)
300 _a21 p. ;
_c19 cm.
530 _aDisponible en formato digital.
594 _aSe ha respetado la ortografía original.
650 0 4 _aIntestinos-
_xInfecciones.
_9136304
852 _aES-MaACL
_jT-764-F-8
_z- Enc. hol., conservando cub. original
_z- Enc. en un vol. facticio
856 _uhttp://bibliotecadigitalhispanica.bne.es:80/webclient/DeliveryManager?pid=1885002&custom_att_2=simple_viewer
_zBiblioteca Digital Hispánica
999 _c160628
_d160628